Riadenie rizík v malých a stredných podnikoch
Výsledky prieskumu rizík v malých a stredných podnikoch realizovaného v roku 2012 na vzorke malých a stredných podnikov pôsobiacich v SR. Prezentácia výsledkov analýzy v oblasti posudzovania rizika a očakávaného vývoja rizík v malých a stredných podnikoch.
Salvato in:
| Autore principale: | |
|---|---|
| Natura: | Capitolo di libro |
| Lingua: | slovacco |
| Soggetti: | |
| Tags: |
Nessun Tag, puoi essere il primo ad aggiungerne!!
|
MARC
| LEADER | 00000naa$a2200000$$$4500 | ||
|---|---|---|---|
| 001 | 0180892 | ||
| 005 | 20240502073108.1 | ||
| 041 | 0 | |a slo | |
| 044 | |a SK | ||
| 245 | 1 | 0 | |a Riadenie rizík v malých a stredných podnikoch |c Nadežda Jankelová |
| 520 | |a Výsledky prieskumu rizík v malých a stredných podnikoch realizovaného v roku 2012 na vzorke malých a stredných podnikov pôsobiacich v SR. Prezentácia výsledkov analýzy v oblasti posudzovania rizika a očakávaného vývoja rizík v malých a stredných podnikoch. | ||
| 610 | 2 | 0 | |a podnik malý |
| 610 | 2 | 0 | |a podnik stredný |
| 610 | 2 | 0 | |a riadenie rizík |
| 610 | 2 | 0 | |a prieskum |
| 610 | 2 | 0 | |a manažment krízový |
| 100 | 1 | |a Jankelová, Nadežda, 1966- | |